| 000 | 00771cam a22002654a 4500 | ||
|---|---|---|---|
| 001 | 13502219 | ||
| 005 | 20180220032111.0 | ||
| 008 | 040224s2004 nju bf 001 0 eng | ||
| 010 | _a 2004004328 | ||
| 020 | _a1556426658 (pbk.) | ||
| 035 | _a(DNLM)101207668 | ||
| 040 |
_aDNLM/DLC _cDLC _dDLC |
||
| 041 | _aeng | ||
| 042 | _apcc | ||
| 060 | 1 | 0 |
_a616.3 _bM666h 2004 |
| 080 | _a616.3 | ||
| 082 | 0 | 0 |
_a616.3 MIN _222 |
| 100 | 1 | _a4 | |
| 101 | _aSHM | ||
| 245 | 1 | 4 |
_aThe handbook of digestive diseases / _cAnil Minocha. |
| 504 | _aIncludes bibliographical references and index. | ||
| 906 |
_a7 _bcbc _corignew _d1 _eecip _f20 _gy-gencatlg |
||
| 942 |
_2ddc _cBK |
||
| 999 |
_c42860 _d42860 |
||